Villes de plus de 20 millions d'habitants dans le monde - Statistiques

Statistiques générales
  • Ce quiz a été pris 139 fois
    107 depuis la dernière actualisation
  • Le résultat moyen est 11 sur 15
Statistiques - réponses
Nombre d'habitants Ville % Correct
22 589 036 New York
94%
42 796 714 Tokyo
90%
21 542 000 Bejing
89%
26 454 086 Delhi
87%
24 337 933 Mumbai
76%
26 317 104 Shanghai
73%
21 634 279 Mexico
70%
36 315 721 Sao Paulo
70%
35 143 473 Jakarta
69%
26 000 782 Séoul
61%
22 829 561 Lagos
60%
24 439 785 Le Caire
57%
20 215 638 Moscou
56%
28 644 207 Manille
51%
23 426 128 Guangzhou
50%
Aucun quiz correspondant
Distribution des résultats
% des personnes avec chaque résultat
Percentile par nombre de réponses
Votre historique - résultats
Vous n’avez pas pris ce quiz depuis la dernière actualisation